|
|
|
|
| LEADER |
00906nam a2200265 a 4500 |
| 001 |
4318 |
| 003 |
BD-DhAAL |
| 005 |
20150917094404.0 |
| 008 |
150917s2001 bg 000 0 eng |
| 010 |
|
|
|a 2001435903
|
| 020 |
|
|
|a 9488106752
|
| 037 |
|
|
|b Library of Congress -- New Delhi Overseas Office
|c Tk200.00
|
| 040 |
|
|
|a DLC
|c DLC
|d DLC
|d BD-DhAAL
|
| 050 |
0 |
0 |
|a DS393.8
|b .S545 2001
|
| 082 |
|
|
|a 954.92
|
| 100 |
1 |
|
|a Siddikī, Jillura Rahamāna,
|d 1928-
|9 6800
|
| 245 |
1 |
0 |
|a Quest for a civil society /
|c Zillur Rahman Siddiqui.
|
| 260 |
|
|
|a Dhaka :
|b Sucheepatra,
|c 2001.
|
| 300 |
|
|
|a 198 p. ;
|c 22 cm.
|
| 520 |
|
|
|a With reference to Bangladesh.
|
| 541 |
|
|
|e 4318
|
| 651 |
|
0 |
|a Bangladesh
|x Civilization.
|9 2388
|
| 942 |
|
|
|2 ddc
|c BK
|
| 999 |
|
|
|c 35575
|d 35575
|
| 952 |
|
|
|0 0
|1 0
|2 ddc
|4 0
|6 954_920000000000000_SID
|7 0
|9 55949
|a SCL
|b SCL
|c GEN
|d 2015-09-17
|g 200.00
|l 0
|o 954.92 SID
|p 3020004318
|r 2026-02-02
|t 1
|w 2015-09-17
|y BK
|